000 00800nam a22001937a 4500
003 BUBTL
008 240205b ||||| |||| 00| 0 eng d
020 _a9789849314264
082 _a891.445/ H1801s/ 2022
100 _95654
_aহামিদ, মোঃ আবদুল
245 _aস্বপ্ন জয়ের ইচ্ছা রাষ্ট্রপতির ভাষণ সংকলন দ্বিতীয় খন্ড(২০১৬-২০১৮) /
_cমোঃ আবদুল হামিদ
250 _a2nd ed
260 _aঢাকা :
_bগৌরব প্রকাশন,
_cc2022
300 _a432 p. :
_bills.;
_c24
650 0 _91687
_aবাংলা সাহিত্য
856 _k0
_l0
_yDownload
942 _2ddc
_cBK
999 _c7198
_d7198